[Event "South Wales Late Summer op"]
[Site "Cardiff"]
[Date "2022.09.03"]
[Round "3"]
[White "Kozusek, Daniel"]
[Black "Fathallah, Joe"]
[Result "1-0"]
[WhiteElo "2328"]
[BlackElo "1907"]
[PlyCount "59"]
[EventDate "2022.09.02"]
[EventType "swiss"]
[EventRounds "5"]
[EventCountry "WLS"]
[SourceTitle "EXT 2024"]
[Source "ChessBase"]
[SourceDate "2023.10.10"]
[SourceVersion "1"]
[SourceVersionDate "2023.10.10"]
[SourceQuality "1"]

1. d4 f5 2. Nc3 d5 3. Bg5 g6 4. e3 Bg7 5. h4 h6 6. Bf4 Nf6 7. Nf3 Ng4 8. Bd3 c6 9. Qe2 Nd7 10. h5 e5 11. dxe5 Ndxe5 12. Nxe5 Nxe5 13. hxg6 Qa5 14. 0-0-0 Nxd3+ 15. Rxd3 Be6 16. Bg3 0-0-0 17. Qf3 Qb4 18. Rh4 Bxc3 19. Rxb4 Bxb4 20. g7 Rhg8 21. Qf4 Bd6 22. Qxh6 Kd7 23. Bxd6 Kxd6 24. e4 fxe4 25. Rg3 Ke7 26. Rg6 Bc8 27. Qg5+ Kd7 28. Qe5 a6 29. Qd6+ Ke8 30. Re6+ 1-0

[Event "South Wales op 17th"]
[Site "Bridgend"]
[Date "2022.07.09"]
[Round "5"]
[White "Blackburn, Jonathan LB"]
[Black "Fathallah, Joe"]
[Result "1-0"]
[WhiteElo "2176"]
[BlackElo "1912"]
[PlyCount "41"]
[EventDate "2022.07.07"]
[EventType "swiss"]
[EventRounds "9"]
[EventCountry "WLS"]
[SourceTitle "CBM 209 Extra"]
[Source "ChessBase"]
[SourceDate "2022.09.30"]
[SourceVersion "1"]
[SourceVersionDate "2022.09.30"]
[SourceQuality "1"]

1. d4 f5 2. g3 Nf6 3. Bg2 d6 4. Nc3 g6 5. e4 Nxe4 6. Nxe4 fxe4 7. Bxe4 Bg7 8. h4 Nc6 9. h5 Bf5 10. h6 Bf6 11. Bxf5 gxf5 12. Qh5+ Kf8 13. Be3 Nxd4 14. 0-0-0 c5 15. Bxd4 cxd4 16. Qxf5 Rc8 17. Rxd4 e6 18. Qxe6 Bxd4 19. Rh4 Qxh4 20. Qxc8+ Kf7 21. Qc4+ 1-0

[Event "London Mill Hill op U2200"]
[Site "London"]
[Date "2021.11.28"]
[Round "4"]
[White "Fathallah, Joe"]
[Black "Iyengar, Ilya"]
[Result "1/2-1/2"]
[WhiteElo "1869"]
[BlackElo "1972"]
[PlyCount "90"]
[EventDate "2021.11.27"]
[EventType "swiss"]
[EventRounds "5"]
[EventCountry "ENG"]
[SourceTitle "EXT 2023"]
[Source "ChessBase"]
[SourceDate "2022.10.05"]
[SourceVersion "1"]
[SourceVersionDate "2022.10.05"]
[SourceQuality "1"]

1. d4 Nf6 2. c4 g6 3. Nc3 Bg7 4. e4 d6 5. f3 0-0 6. Be3 Nc6 7. Nge2 a6 8. Qd2 Rb8 9. Rc1 Re8 10. g3 e5 11. d5 Na5 12. b3 c5 13. dxc6 bxc6 14. Rd1 Bf8 15. c5 d5 16. exd5 cxd5 17. Nxd5 Nxd5 18. Qxd5 Qxd5 19. Rxd5 Bb7 20. Rd1 Bxf3 21. Rg1 Rec8 22. Kf2 Ba8 23. Rc1 Rb5 24. Bh3 f5 25. Rgd1 Bc6 26. Bf1 Rbb8 27. Nc3 Ra8 28. Nd5 Bxd5 29. Rxd5 Nc6 30. Bc4 Kg7 31. Rd7+ Be7 32. Bg5 Kf8 33. Bxe7+ Nxe7 34. Bd5 Rd8 35. Bxa8 Rxd7 36. c6 Rc7 37. Bb7 Nd5 38. a3 Ke7 39. Bxa6 Kd6 40. Bb7 Ne7 41. Rd1+ Ke6 42. Rd7 Rxd7 43. cxd7 Kxd7 44. Ke3 Kc7 45. Bg2 Kb6 1/2-1/2

[Event "London Mill Hill op U2200"]
[Site "London"]
[Date "2021.11.28"]
[Round "5"]
[White "Zheng, Harry Z"]
[Black "Fathallah, Joe"]
[Result "1-0"]
[WhiteElo "1873"]
[BlackElo "1869"]
[PlyCount "49"]
[EventDate "2021.11.27"]
[EventType "swiss"]
[EventRounds "5"]
[EventCountry "ENG"]
[SourceTitle "EXT 2023"]
[Source "ChessBase"]
[SourceDate "2022.10.05"]
[SourceVersion "1"]
[SourceVersionDate "2022.10.05"]
[SourceQuality "1"]

1. e4 b6 2. d4 Bb7 3. Bd3 e6 4. c4 Bb4+ 5. Nc3 Nf6 6. Qc2 h6 7. Nf3 d6 8. Qa4+ Nc6 9. d5 Bxc3+ 10. bxc3 Qd7 11. dxc6 Bxc6 12. Qc2 e5 13. 0-0 g5 14. Qe2 0-0-0 15. c5 Rhg8 16. cxb6 cxb6 17. Rd1 Qg4 18. h3 Qh5 19. Ba6+ Kc7 20. Ba3 Nxe4 21. Bxd6+ Nxd6 22. Rxd6 Bxf3 23. Qxe5 Rde8 24. Re6+ Kd7 25. Qd6# 1-0

[Event "London Mill Hill op U2200"]
[Site "London"]
[Date "2021.11.27"]
[Round "2"]
[White "Fathallah, Joe"]
[Black "Faulkner, Adam"]
[Result "1/2-1/2"]
[WhiteElo "1869"]
[BlackElo "1792"]
[PlyCount "85"]
[EventDate "2021.11.27"]
[EventType "swiss"]
[EventRounds "5"]
[EventCountry "ENG"]
[SourceTitle "EXT 2023"]
[Source "ChessBase"]
[SourceDate "2022.10.05"]
[SourceVersion "1"]
[SourceVersionDate "2022.10.05"]
[SourceQuality "1"]

1. d4 Nf6 2. g4 Nxg4 3. e4 d5 4. Be2 Nf6 5. e5 Ng8 6. Nf3 Bg4 7. Rg1 Bxf3 8. Bxf3 e6 9. c4 c5 10. cxd5 exd5 11. dxc5 Ne7 12. Nc3 Nbc6 13. Bxd5 Ng6 14. Qb3 Qc7 15. Be3 Ngxe5 16. 0-0-0 0-0-0 17. Nb5 Qa5 18. Kb1 Be7 19. Nd6+ Bxd6 20. cxd6 Rxd6 21. Bxf7 Rhd8 22. Be6+ Kb8 23. Rxd6 Rxd6 24. Rd1 Rd3 25. Rxd3 Nxd3 26. Qxd3 Qe1+ 27. Bc1 Qxe6 28. Qxh7 Nb4 29. Qh8+ Kc7 30. Qxg7+ Kc6 31. Qc3+ Kb5 32. a4+ Kxa4 33. b3+ Kb5 34. Qc4+ Qxc4 35. bxc4+ Kxc4 36. h4 Kd5 37. h5 Ke6 38. h6 Kf7 39. Be3 Nd5 40. Bxa7 Kg6 41. Be3 Nxe3 42. fxe3 Kxh6 43. Kb2 1/2-1/2

[Event "London Mill Hill op U2200"]
[Site "London"]
[Date "2021.11.27"]
[Round "3"]
[White "Pranava, Ravikumar"]
[Black "Fathallah, Joe"]
[Result "0-1"]
[WhiteElo "1601"]
[BlackElo "1869"]
[PlyCount "108"]
[EventDate "2021.11.27"]
[EventType "swiss"]
[EventRounds "5"]
[EventCountry "ENG"]
[SourceTitle "EXT 2023"]
[Source "ChessBase"]
[SourceDate "2022.10.05"]
[SourceVersion "1"]
[SourceVersionDate "2022.10.05"]
[SourceQuality "1"]

1. d4 f5 2. Nf3 Nf6 3. c4 d6 4. b3 g6 5. Bb2 Bg7 6. g3 0-0 7. Bg2 c6 8. 0-0 Qc7 9. Re1 Ne4 10. e3 e5 11. Nfd2 Nxd2 12. Nxd2 Na6 13. a3 Be6 14. f4 Rfe8 15. b4 Rad8 16. Qc2 Bf7 17. Nf3 exf4 18. gxf4 Nb8 19. c5 Bd5 20. cxd6 Qxd6 21. Ne5 Nd7 22. Re2 Nf6 23. Bf1 Ne4 24. Bc3 Bf6 25. Be1 Qe7 26. Rg2 a6 27. Rb1 Nd6 28. Rb2 Bxg2 29. Bxg2 Kg7 30. Bg3 Bh4 31. Qe2 Bxg3 32. hxg3 Nf7 33. Kf2 Nxe5 34. fxe5 h5 35. a4 h4 36. Qf3 Rh8 37. b5 hxg3+ 38. Kg1 Qa3 39. Rb1 Qa2 40. Qf1 Rh2 41. Re1 Rdh8 42. Re2 Qxa4 43. bxc6 bxc6 44. Qc1 f4 45. Rb2 Rf8 46. Rb7+ Rf7 47. Rxf7+ Kxf7 48. Qf1 g5 49. Qb1 Kg7 50. e6 Qa3 51. Qb7+ Kh6 52. Kf1 Qd3+ 53. Ke1 Qxe3+ 54. Kd1 Rxg2 0-1

[Event "South Wales Autumn op"]
[Site "Newport"]
[Date "2019.11.16"]
[Round "3"]
[White "Fathallah, Joe"]
[Black "Jukes, Sam"]
[Result "1-0"]
[WhiteElo "1904"]
[BlackElo "1897"]
[PlyCount "41"]
[EventDate "2019.11.15"]
[EventType "swiss"]
[EventRounds "5"]
[EventCountry "WLS"]
[SourceTitle "EXT 2022"]
[Source "ChessBase"]
[SourceDate "2021.10.06"]
[SourceVersion "1"]
[SourceVersionDate "2021.10.06"]
[SourceQuality "1"]

1. d4 Nf6 2. c4 e6 3. Nc3 d5 4. cxd5 exd5 5. Bg5 Be7 6. e3 0-0 7. Bd3 Nbd7 8. Nge2 Re8 9. Qc2 c6 10. 0-0 h6 11. Bh4 Nf8 12. f3 Ne6 13. Rad1 b5 14. Bf5 Bd7 15. e4 Rc8 16. e5 Nh5 17. Bxe7 Qxe7 18. Bxe6 Bxe6 19. g4 c5 20. Nxb5 cxd4 21. Qd2 1-0